|
|
|
|
| LEADER |
00745cam a2200205 7i4500 |
| 001 |
0000018748 |
| 005 |
20151104090000.0 |
| 005 |
##20151104121900.0 |
| 003 |
##MY-KlINT |
| 020 |
# |
# |
|a 978159139861
|
| 039 |
# |
9 |
|y 201511041219
|z VLOAD
|
| 090 |
0 |
0 |
|a 338.7
|b BIN
|
| 100 |
1 |
# |
|a Binder, Gordon M
|
| 245 |
1 |
0 |
|a Science lessons :
|b what the business of biotech taught me about management /
|c by Gordon Binder and Philip Bashe.
|
| 260 |
# |
# |
|a Boston, Massachusetts:
|b Harvard Business School Press,
|c 2008.
|
| 300 |
# |
# |
|a viii,292p.;
|c 21cm.
|
| 650 |
# |
0 |
|a Biotechnology industries --
|x United States --
|x Management
|
| 650 |
# |
0 |
|a Binder,Gordon M --
|y 1935-
|
| 650 |
# |
0 |
|a Chief executive officers --
|x United State --
|x Biography
|
| 650 |
# |
0 |
|a Amgen Inc --
|x Management
|